000 00237nam a2200097Ia 4500
008 120527s9999 xx 000 0 und d
100 _aHumphreysh R.
245 _aTropical pastures and fodder crops.
260 _bI. T. A. S.
942 _cBK
999 _c19233
_d19233